000 00178 a2200097 4500
020 _a9780753458044
041 _aspa
100 _aJudy Allen
245 _aAre you a Bee
942 _cBK
999 _c574
_d574